书目信息 |
| 书名: | Photonic crystals | |
| 作者: | John D. Joannopoulos ... [et al.]. | |
| 分册号: | ||
| 分册名: | 出版地: | 北京 : |
|
| 出版社: | 世界图书出版公司 | |
| 出版时间: | 2013. | |
| 页数: | xiv, 286 p. : | |
| 开本: | 26 cm. | |
| 丛书名: | ||
| 中图分类号: | ||
| 科图分类号: | ||
| 其他分类号: | O734 | |
| 主题词: | ||
| 电子资源: | ||
| 000 | 01594cam 2200313 a 450 | |
| 001 | CAL 022013070276 | |
| 003 | CAL | |
| 005 | 20141217132408.8 | |
| 008 | 131111r20132008cc a b 001 0 eng d | |
| 020 | @a9787510061400@cCNY149.00 | |
| 040 | @aBUA@cBUA@dSCT | |
| 050 | 4 | @aQC793.5.P427@bJ63 2008 |
| 082 | 04 | @a548/.9@222 |
| 093 | @aO734@24 | |
| 099 | @aO734/J621=2@dO734 | |
| 245 | 00 | @aPhotonic crystals :@bmolding the flow of light = 光子晶体 /@cJohn D. Joannopoulos ... [et al.]. |
| 246 | 31 | @a光子晶体 |
| 250 | @a2nd ed. | |
| 260 | @a北京 :@b世界图书出版公司,@c2013. | |
| 300 | @axiv, 286 p. :@bill. (chiefly col.) ;@c26 cm. | |
| 490 | 0 | @a经典物理学丛书 (影印版) |
| 500 | @aCover title. | |
| 504 | @aIncludes bibliographical references (p. [265]-281) and index. | |
| 505 | 0 | @aIntroduction -- Electromagnetism in mixed dielectric media -- Symmetries and solid-state electromagnetism -- The multilayer film : a one-dimensional photonic crystal -- Two-dimensional photonic crystals -- Three-dimensional photonic crystals -- Periodic dielectric waveguides -- Photonic-crystal slabs -- Photonic-crystal fibers -- Designing photonic crystals for applications -- A : Comparisons with quantum mechanics -- B : The reciprocal lattice and the brillouin zone -- C : Atlas of band gaps -- D : Computational photonics. |
| 534 | @pReprint. Originally published:@cPrinceton : Princeton University Press, c2008.@z9780691124568 (acid-free paper) | |
| 650 | 0 | @aPhotons. |
| 650 | 0 | @aCrystal optics. |
| 700 | 1 | @aJoannopoulos, J. D.@q(John D.),@d1947- |
| 905 | @a河南城建学院图书馆@dO734@eJ621=2 | |
| Photonic crystals : : molding the flow of light = 光子晶体 / / John D. Joannopoulos ... [et al.].-2nd ed.-北京 : : 世界图书出版公司, , 2013. |
| xiv, 286 p. : : ill. (chiefly col.) ; ; 26 cm.- (经典物理学丛书 (影印版)) |
| Cover title.-Includes bibliographical references (p. [265]-281) and index.-Introduction -- Electromagnetism in mixed dielectric media -- Symmetries and solid-state electromagnetism -- The multilayer film : a one-dimensional photonic crystal -- Two-dimensional photonic crystals -- Three-dimensional photonic crystals -- Periodic dielectric waveguides -- Photonic-crystal slabs -- Photonic-crystal fibers -- Designing photonic crystals for applications -- A : Comparisons with quantum mechanics -- B : The reciprocal lattice and the brillouin zone -- C : Atlas of band gaps -- D : Computational photonics. |
| ISBN 9787510061400CNY149.00 |
| ● |
| 相关链接 |
|
|
|
正题名:Photonic crystals
索取号:O734
 
预约/预借
| 序号 | 登录号 | 条形码 | 馆藏地/架位号 | 状态 | 备注 |
| 1 | 15728 | 300157283 | 自科库401/401自科库 66排4列2层/ [索取号:O734/] | 在馆 |